1252 1417 1869 1309 1305 1159 1037 1213 1696 1912 1548 1454 1245 1796 1745 1850 1936 1846 1133 1153 1883 1810 1651 1477 1372 1490 1645 1588 1538 1435 1721 1280 1553 1461 1280 1124 1928 1083 1957 1926 1949 1249 1358 1484 1221 1180 1204 1600 1585 1443 1674 1029 1502 1180 1673 1787 1520 1215 1874 1775 1619 1038 1415 1581 1698 1866 1593 1974 1008 1553 1258 1303 1376 1657 1218 1345 1387 1662 1021 1802 1267 1092 1563 1956 1219 1253 1849 1257 1075 1475 1346 1131 1204 1535 1035 1946 1005 1162 1104 BCNSPRNW ULIB Ver.6.0+V

เปลี่ยนเป็นภาษาไทย

Change to English
 แสดงรายละเอียดบรรณานุกรม
  กลับหน้าหลัก

Brief Record : Get Marc (ISO 2709) : E-mail record : QR code < ปิดหน้าต่าง
LEADER : 00000nam 2200000uu 4500
001    13399126090
003     ULIB
008    180605s2560||||th 000 0 tha d
020    ^a9786164430570
060    ^aWM402^bม456ก
100    ^aมาโนช หล่อตระกูล
245    ^aการใช้ยาจิตเวชในทางคลินิก
250    ^aพิมพ์ครั้งที่ 1
260    ^aกรุงเทพฯ :^bภาควิชาจิตเวชศาสตร์ คณะแพทยศาสตร์ โรงพยาบาลรามาธิบดี มหาวิทยาลัยมหิดล,^c2560
300    ^a384 หน้า^bภาพประกอบ, ภาคผนวก
650    ^aจิตเวชศาสตร์
650    ^aยารักษาโรคทางระบบประสาทและจิต
945    ^p350^l0^i26013
945    ^p350^l0^i26014
945    ^p350^l0^i26015
945    ^p350^l0^i26016
945    ^p350^l0^i26017
945    ^p350^l0^i26018
945    ^p350^l0^i26019
945    ^p350^l0^i26020
945    ^p350^l0^i26021
945    ^p350^l0^i26022
999    ^aกัณชพร จุลอักษร
รายการนี้ยังไม่มีแท็ก
คุณยังไม่ได้ล็อกอิน คุณสามารถมีกิจกรรมร่วมกับเว็บไซต์ได้ แต่ต้องล็อกอินก่อน ::
  ล็อกอิน

รายการสื่อสารสนเทศ

ลำดับที่ ประเภท เลขเรียก/บาร์โค้ด สถานที่ สถานะ
1. หนังสือสำรอง
หนังสือสำรอง
WM402 ม456ก ฉ.1 
  Barcode: 26013
ห้องสมุดวิทยาเขตนครสวรรค์
►หนังสือทั่วไป:l:General Books
บนชั้น
2. วิทยาศาสตร์การแพทย์ และสุขภาพ
วิทยาศาสตร์การแพทย์ และสุขภาพ
WM402 ม456ก ฉ.10 
  Barcode: 26022
ห้องสมุดวิทยาเขตนครสวรรค์
►หนังสือทั่วไป:l:General Books
บนชั้น
3. วิทยาศาสตร์การแพทย์ และสุขภาพ
วิทยาศาสตร์การแพทย์ และสุขภาพ
WM402 ม456ก ฉ.2 
  Barcode: 26014
ห้องสมุดวิทยาเขตนครสวรรค์
►หนังสือทั่วไป:l:General Books
บนชั้น
4. วิทยาศาสตร์การแพทย์ และสุขภาพ
วิทยาศาสตร์การแพทย์ และสุขภาพ
WM402 ม456ก ฉ.3 
  Barcode: 26015
ห้องสมุดวิทยาเขตนครสวรรค์
►หนังสือทั่วไป:l:General Books
บนชั้น
5. วิทยาศาสตร์การแพทย์ และสุขภาพ
วิทยาศาสตร์การแพทย์ และสุขภาพ
WM402 ม456ก ฉ.4 
  Barcode: 26016
ห้องสมุดวิทยาเขตนครสวรรค์
►หนังสือทั่วไป:l:General Books
บนชั้น
6. วิทยาศาสตร์การแพทย์ และสุขภาพ
วิทยาศาสตร์การแพทย์ และสุขภาพ
WM402 ม456ก ฉ.5 
  Barcode: 26017
ห้องสมุดวิทยาเขตนครสวรรค์
►หนังสือทั่วไป:l:General Books
ถูกยืม กำหนดส่งวันที่ 20 เมษายน 2568
  จอง
7. วิทยาศาสตร์การแพทย์ และสุขภาพ
วิทยาศาสตร์การแพทย์ และสุขภาพ
WM402 ม456ก ฉ.6 
  Barcode: 26018
ห้องสมุดวิทยาเขตนครสวรรค์
►หนังสือทั่วไป:l:General Books
บนชั้น
8. วิทยาศาสตร์การแพทย์ และสุขภาพ
วิทยาศาสตร์การแพทย์ และสุขภาพ
WM402 ม456ก ฉ.7 
  Barcode: 26019
ห้องสมุดวิทยาเขตนครสวรรค์
►หนังสือทั่วไป:l:General Books
บนชั้น
9. วิทยาศาสตร์การแพทย์ และสุขภาพ
วิทยาศาสตร์การแพทย์ และสุขภาพ
WM402 ม456ก ฉ.8 
  Barcode: 26020
ห้องสมุดวิทยาเขตนครสวรรค์
►หนังสือทั่วไป:l:General Books
บนชั้น
10. วิทยาศาสตร์การแพทย์ และสุขภาพ
วิทยาศาสตร์การแพทย์ และสุขภาพ
WM402 ม456ก ฉ.9 
  Barcode: 26021
ห้องสมุดวิทยาเขตนครสวรรค์
►หนังสือทั่วไป:l:General Books
บนชั้น

รายการใกล้เคียง
    ชื่อเรื่อง [การใช้ยาจิตเวชในทางคลินิก]

    ผู้แต่ง [มาโนช หล่อตระกูล]

    หัวเรื่อง [จิตเวชศาสตร์]
    หัวเรื่อง [ยารักษาโรคทางระบบประสาทและจิต]

BibComment


ยังไม่เคยถูกคอมเมนท์

คอมเมนท์ทรัพยากรรายการนี้
  คอมเมนท์: การใช้ยาจิตเวชใน..


 Copyright 2026. Bcnsprnw @Library